| 000 | 02548nas1a22004331 4500 | ||
|---|---|---|---|
| 001 | RU\NLR\A1\34461 | ||
| 005 | 20260406135701.0 | ||
| 035 | _a(NLR Aleph) 009684584 | ||
| 090 |
_a9714013 _c9714012 |
||
| 100 | _a20260119 rusy50 | ||
| 101 | 0 | _arus | |
| 102 | _aRU | ||
| 110 | _aafa||||0|u0 | ||
| 200 | 1 |
_aПочта духов, _eежемесячное издание, или Ученая, нравственная, и критическая переписка арабскаго философа Маликульмулька с водяными, воздушными и подземными духами |
|
| 210 |
_aВ Санктпетербурге _c[тип. И.Рахманинова] _d1789-[1790] |
||
| 215 | _d8° | ||
| 300 | _aЦенз.: Печатано с дозволения указнаго (тит. л.) | ||
| 300 | _aВ майском номере с.81-82 имеются в 2 вар. В первонач. вар. в конце с.82 подпись: "Естрат Тяпкин"; в исправленном вар.: "Евстрат Хапкин" | ||
| 300 | _aНа обороте тит. л. изд. марка И.Г.Рахманинова | ||
| 300 | _aИзд. И.А.Крылов | ||
| 300 | _aКаждый номер имеет шмуцтит. с загл. и обозначением месяца | ||
| 300 | _aНа тит. л. в ч.2 в вых. дан.: В Сантпетербурге [!] | ||
| 321 | 1 | _aСК XVIII. Т.4, 209 | |
| 463 | 0 |
_1001RU\NLR\A1\34462 _913476807 _d1789 _p[4], V, [1], 16, 49, [1] с. _tЧ.1, янв. _uhttps://vivaldi.nlr.ru/pm000049234/view |
|
| 463 | 0 |
_1001RU\NLR\A1\34463 _913476808 _d1789 _p[6], 82 с. _tЧ.2, май _uhttps://vivaldi.nlr.ru/pm000049238/view |
|
| 620 | _dСанкт-Петербург | ||
| 702 | 1 |
_4610 _8rus _7ca _aРахманинов _bИ. Г. _f1753-1807 _gИван Герасимович _3RU\NLR\AUTH\77100573 _983499 |
|
| 702 | 1 |
_4650 _8rus _7ca _aКрылов _bИ. А. _cбаснописец _f1769-1844 _gИван Андреевич _3RU\NLR\AUTH\772707 _9112715 |
|
| 712 | 0 | 0 |
_4610 _aРахманинов, _cПетербург _gИ. Г., _hтипография _9517419 _3RU\NLR\AUTH\880426446 |
| 801 | 0 |
_aRU _bNLR _c20070406 |
|
| 852 |
_aNLR _j7/30 _yВар.2 |
||
| 899 |
_aРГБ _yВар.1,2 |
||
| 899 |
_aБАН _yВар.2 |
||
| 899 |
_aГПИБ _yВар.2 |
||
| 942 | _cJOURNAL | ||
| 980 | _aNB | ||
| 980 | _aA1XVIIIv | ||
| 981 | 2 | 0 |
_a(20) Книжные памятники РНБ _b(20) Журналы и периодические альманахи |